000 00246nam a2200109Ia 4500
008 220204s9999 xx 000 0 und d
082 _a327
_bAMI
100 _aAmita Malik
245 0 _aIndia watching
260 _aDelhi
_bVikas
_c1977
942 _cBK
999 _c25100
_d25100